000 01032nam a2200277 a 4500
999 _c127910
_d127910
001 3299306
003 ARRUPE
005 20180412085703.0
008 831024s1972 cg fa b 001 0 fre
010 _a 83107156
020 _a8439903561
040 _aDLC
_cDLC
_dDLC
043 _af-cg---
050 0 0 _aBL2480.Y34
_bT48 1972
082 0 0 _a291/.09675/116
_219
100 1 _aThiel, Josef Franz.
_915374
245 1 3 _aLa situation religieuse des Mbiem /
_cJosef Franz Thiel.
260 _aBandundu, République du Zaïre :
_bCentre d'études ethnologiques ;
_cc1972.
300 _a207 p. :
_bill. ;
_c24 cm.
490 1 _aPublications / Ceeba. Série II ;
_vvol. 1
500 _aIncludes index.
504 _aBibliography: p. [193]-196.
650 0 _aYanzi (African people)
_xReligion.
_941456
830 0 _aPublications (Ceeba).
_nSérie II ;
_vv. 1.
_941457
906 _a7
_bcbc
_corignew
_d3
_encip
_f19
_gy-gencatlg
942 _2lcc
_cMONOGRAPH